15 Bands on K - Statistics

General Stats
  • This quiz has been taken 15 times
  • The average score is 4 of 15
Answer Stats
Answer % Correct
Kiss
54%
the Killers
54%
Korn
46%
the Kinks
38%
Kraftwerk
31%
Kansas
23%
Kasabian
23%
Kool & the Gang
23%
the Kills
23%
the Kooks
15%
Kaoma
8%
Kent
8%
Kris Kross
8%
the Knife
8%
Katrina & the Waves
0%
No matching quizzes found
Score Distribution
Percent of People with Each Score
Percentile by Number Answered
Your Score History
You have not taken this quiz